Countries With The Most Neighbours - Statistics

General Stats
  • This quiz has been taken 81 times
  • The average score is 14 of 20
Answer Stats
Continent Neighbours Answer % Correct
South America 10 Brazil
97%
Asia 14 China
95%
Europe 9 Germany
95%
Europe 8 France
92%
Asia 14 Russia
92%
Africa 9 DR Congo
83%
Europe 8 Austria
79%
Europe 7 Poland
79%
Europe 7 Hungary
73%
Africa 7 Sudan
73%
Europe 7 Ukraine
72%
Africa 7 Mali
69%
Africa 7 Niger
69%
Europe 8 Serbia
61%
Africa 7 Algeria
56%
Asia 7 Iran
56%
Asia 7 Saudi Arabia
56%
Asia 7 Turkey
55%
Africa 7 Tanzania
48%
Africa 7 Zambia
48%
No matching quizzes found
Score Distribution
Percent of People with Each Score
Percentile by Number Answered
Your Score History
You have not taken this quiz